GeoLogisch 3 - Statistiken

Allgemein
  • Dieses Quiz wurde 66 mal gespielt
  • Das Durchschnittsergebnis liegt bei 8 aus 15
Antwortstatistiken
Frage Antwort % Korrekt
Wann ist es am kältesten in Neuseeland? Juli
89%
Ganesha wird häufig mit einem Tierkopf dargestellt. Welcher ist es? Elefant
82%
Wo mündet der im Engadin entspringende Inn in die Donau? Passau
77%
Welches Meer liegt vor der Westküste der Türkei? Ägäisches Meer
72%
Wie heißt die von den Staufern gegründete größte Burganlage in Apulien? Castel del Monte
69%
Welche Abtei liegt am Bodensee? Mehrerau
64%
Wie heißt der größte Ort im Tessin? Lugano
62%
Wie viele Einwohner hat China?(Stand 2016) 1,4 Mrd.
61%
Der Salar de Uyuni birgt eines der weltweit größten Vorkommen eines bestimmten Leichtmetalls. Welches Lithium
51%
Wer betrachtete 1868–1916 Kamerun als seine Kolonie? Deutschland
49%
Welcher Berg in den Walliser Alpen ist der höchste in der Schweiz? Dufourspitze
44%
Wie heißt das an der Karibikküste Kolumbiens gelegene höchste Küstengebirge der Welt? Sierra Nevada de Santa Marta
44%
`Wie heißt der bretonische Buchweizenpfannkuchen? Galette
33%
Wie heißt der höchste Berg Südafrikas? Mafadi
30%
Wo in Deutschland prägen rote Buntsandsteinfelsen wie in Utah die Landschaft? Pfälzerwald
18%
Keine übereinstimmenden Quizze gefunden
Verteilung der Resultate
Anzahl Personen mit jedem Resultat
Perzentil nach korrekt beantworteten Fragen
Ihre Resultats-Entwicklung
Sie haben dieses Quiz noch nicht gespielt